To thee our infinite gratitude : (Record no. 78077)

MARC details
000 -LEADER
fixed length control field 00543nam a22001697a 4500
005 - DATE AND TIME OF LATEST TRANSACTION
control field 20130913143455.0
010 ## - LCCN (DPL NO)
LC control number ENG-108152
020 ## - INTERNATIONAL STANDARD BOOK NUMBER
International Standard Book Number 9798170580163
Terms of availability 95.00
035 ## - SYSTEM CONTROL NUMBER
System control number EN-91685
037 ## - SOURCE OF ACQUISITION
Source of stock number/acquisition DBAD/PUB
082 ## - DEWEY DECIMAL CLASSIFICATION NUMBER
Classification number 181.499
245 ## - TITLE STATEMENT
Title To thee our infinite gratitude :
Remainder of title writing on the passing of Sri Aurobindo /
260 ## - PUBLICATION, DISTRIBUTION, ETC. (IMPRINT)
Place of publication, distribution, etc Pondicherry
Name of publisher, distributor, etc Sri Aurobindo Ashram
Date of publication, distribution, etc 2012
270 ## - ADDRESS
City Pondicherry
Postal code 605002
Address Sri Aurobindo Ashram Publication Department
300 ## - PHYSICAL DESCRIPTION
Extent 103p.
Dimensions 20cm(pbk)
942 ## - ADDED ENTRY ELEMENTS (KOHA)
Source of classification or shelving scheme Dewey Decimal Classification
Item type English Books
Call number suffix THE
Classification part 181.499
Holdings
Withdrawn status Lost status Not for loan Collection code Home library Current library Date acquired Source of acquisition Cost, normal purchase price Full call number Barcode Copy number Cost, replacement price Koha item type
    Not For Loan Non-fiction D.B.Act.Division D.B.Act.Division 26/07/2013 DBAD/PUB 95.00 181.499 THE EN-91685 1 95.00 English Books

© Delhi Public Library
Hit Counter
free hit counter